000 00508nam a2200193 a 4500
005 20210219153101.0
008 991125n 000 0 spa u
035 _aUPN01000077204
100 _aBATHLY, Abdoulaye
222 _aEDUCADORES DEL MUNDO
245 _aLa escuela colonial en Senegal y los líderes de la revolución francesa
300 _a17-18
362 _a1990 No. 3
653 0 _aCOLONIALISMO
653 0 _aEDUCACION
653 0 _aSENEGAL
904 _aAC
_b015015
905 _aArticulo
999 _c68049
_d68049